Rusko-český elektrotechnický a elektronický slovník

Salvato in:
Dettagli Bibliografici
Natura: Libro
Lingua:ceco
Pubblicazione: Praha Stát. nakl. techn. lit. 1990
Edizione:2. rev. vyd.
Tags: Aggiungi Tag
Nessun Tag, puoi essere il primo ad aggiungerne!!

MARC

LEADER 00000nam a2200000 4500
001 c025939
005 20251204102309.1
041 0 |a cze 
044 |a CZ 
245 1 0 |a Rusko-český elektrotechnický a elektronický slovník 
250 |a 2. rev. vyd. 
264 1 |a Praha  |b Stát. nakl. techn. lit.  |c 1990 
300 |a 385 s.